000
00317nam a22001217a 4500
999
_c
11230
_d
11230
008
181106b ||||| |||| 00| 0 eng d
020
_a
9387516644
100
_a
Gandhi Poonam
_9
6982
245
_a
Business Studies-XII
260
_a
New Delhi
_b
VK Global Publications
_c
2018-19
300
_a
Paper Bag
942
_2
ddc
_c
BK